000 00567nam a22001577a 4500
082 _a954.0317
_bGRI
100 1 _aGriffiths, Charles John.
_950431
245 1 2 _aA narrative of the siege of Delhi
_bwith an account of the mutiny at Ferozepore in 1857 /
_cby Charles John Griffiths ; edited by Henry John Yonge.
260 _aLondon :
_bJohn Murray,
_c1910.
300 _axiv, 260 p. :
_bill., maps ;
_c21 cm.
500 _aIncludes index.
526 _a0
_b0
_c0
_d954_031700000000000_GRI
650 _aMCE
_9379
700 1 _aYonge, Henry John.
_950432
942 _2ddc
_cBK
999 _c553165
_d553165